India and the superpowers : (Record no. 42116)
[ view plain ]
| 000 -LEADER | |
|---|---|
| fixed length control field | 00919nam a2200277 a 4500 |
| 001 - CONTROL NUMBER | |
| control field | 42116 |
| 003 - CONTROL NUMBER IDENTIFIER | |
| rucl marc code | BD-RjUL |
| 005 - DATE AND TIME OF LATEST TRANSACTION | |
| control field | 20211209053509.0 |
| 008 - FIXED-LENGTH DATA ELEMENTS--GENERAL INFORMATION | |
| fixed length control field | 160609s1983 bg b 000 0 eng |
| 020 ## - INTERNATIONAL STANDARD BOOK NUMBER | |
| Terms of availability | Tk175.00 |
| 035 ## - SYSTEM CONTROL NUMBER | |
| System control number | (BD-RjUL)42234 |
| 040 ## - CATALOGING SOURCE | |
| Original cataloging agency | DLC |
| Transcribing agency | DLC |
| Modifying agency | DLC |
| -- | (BD-RjUL) |
| Language of cataloging | eng |
| 041 ## - LANGUAGE CODE | |
| Language code of text/sound track or separate title | eng |
| 082 00 - DEWEY DECIMAL CLASSIFICATION NUMBER | |
| Classification number | 327.54 |
| Edition number | 19 |
| Author mark and year | ZAI 1983 |
| 100 2# - MAIN ENTRY--PERSONAL NAME | |
| Personal name | Zafar Shah, M. A. |
| Fuller form of name | (Mohammad Azher) |
| 9 (RLIN) | 129523 |
| 245 10 - TITLE STATEMENT | |
| Title | India and the superpowers : |
| Remainder of title | India's political relations with the superpowers in the 1970s / |
| Statement of responsibility, etc. | M.A. Zafar Shah. |
| 260 ## - PUBLICATION, DISTRIBUTION, ETC. (IMPRINT) | |
| Place of publication, distribution, etc. | Dhaka, Bangladesh : |
| Name of publisher, distributor, etc. | University Press, |
| Date of publication, distribution, etc. | 1983. |
| 300 ## - PHYSICAL DESCRIPTION | |
| Pagination | [8], 202 p. ; |
| Size | 23 cm. |
| 504 ## - BIBLIOGRAPHY, ETC. NOTE | |
| Bibliography, etc | Bibliography: p. [197]-202. |
| 650 #0 - SUBJECT ADDED ENTRY--TOPICAL TERM | |
| Topical term or geographic name as entry element | Neutrality |
| Geographic subdivision | India. |
| 9 (RLIN) | 129524 |
| Topical term or geographic name as entry element | Great powers. |
| 9 (RLIN) | 129525 |
| 651 #0 - SUBJECT ADDED ENTRY--GEOGRAPHIC NAME | |
| Geographic name | India |
| General subdivision | Foreign relations. |
| 9 (RLIN) | 129526 |
| Geographic name | South Asia |
| General subdivision | Politics and government. |
| 9 (RLIN) | 126623 |
| 942 ## - ADDED ENTRY ELEMENTS (KOHA) | |
| Source of classification or shelving scheme | Dewey Decimal Classification |
| Koha item type | Books |
| Lost status | Source of classification or shelving scheme | Damaged status | Not for loan | Collection code | Permanent Location | Current Location | Shelving location | Date acquired | Source of acquisition | Cost, normal purchase price | Total Checkouts | Full call number | Date last seen | Copy number | Koha item type |
|---|---|---|---|---|---|---|---|---|---|---|---|---|---|---|---|
| Dewey Decimal Classification | Non-fiction | Central Library, University of Rajshahi | Central Library, University of Rajshahi | 12/04/1984 | U.P.Ltd | 175.00 | 327.54 ZAI 1983 | 09/06/2016 | C-2 | Books |